000
00270nam a2200109Ia 4500
005
20251222144644.0
008
251222s9999||||xx |||||||||||||| ||spa||
082
_a
709.461/N86
245
0
_a
Leopoldo Nóvoa
264
_b
Centro Galego de Arte Contemporánea
942
_c
LIB
999
_c
16789
_d
16789